000 00518nam a2200217Ia 4500
003 OSt
005 20221005120946.0
006 a|||||r|||| 00| 0
007 ta
008 221004b |||||||| |||| 00| 0 eng d
024 _a118652
037 _cTextual
040 _aCRL
_cCRL
_beng
041 _2eng
_aeng
100 _aVermilye Dyekman W
_9629883
245 0 _aFuture in the making
260 _c1973
650 _aGENERAL
_9592526
942 _cTEXL
_2cc
999 _c1039671
_d1039671